| 000 | 00568nam a2200229Ia 4500 | ||
|---|---|---|---|
| 001 | 121220 | ||
| 003 | YMCAF | ||
| 005 | 20230512163918.0 | ||
| 008 | 220711s2021 ||||||||||||||||| ||und|d | ||
| 020 | _a9781636403878 | ||
| 024 | _a121220 | ||
| 035 | _aG1144 | ||
| 040 |
_aYMCAF _beng _cIN-KoLT |
||
| 041 | _aeng | ||
| 082 |
_a920.009 _bVAI |
||
| 100 | _aVaishnavi, Amarnath | ||
| 245 | 0 |
_aChronicles of Kashmir _bBiography of a leader |
|
| 260 |
_bWhite Falcon publishing _c2021 |
||
| 300 | _a309 p. | ||
| 653 | _aBiography/ History/ Kashmir | ||
| 942 |
_2ddc _cBK |
||
| 999 |
_c17771 _d17771 |
||